000 00594nam a2200229Ia 4500
003 OSt
005 20220927113002.0
006 a|||||r|||| 00| 0
007 ta
008 220926b |||||||| |||| 00| 0 eng d
024 _a152376
037 _cReports
040 _aRTL
_cRTL
_beng
041 _2eng
_aeng
082 _a"X:8F.237.N8, M7/GD"
110 _aRajasthan (Govt of-)
245 0 _a"Appropriation accounts, 1986-87"
260 _c1987
700 _aRajasthan (Govt of-)
942 _h"X:8F.237.N8, M7/GD"
_cCC
999 _c701102
_d701102